000 00256nam a2200109Ia 4500
008 200302s9999 xx 000 0 und d
100 _aGerald F. Brommer
245 _aArt in Your World
260 _bDavis Publication Inc.
260 _c1977
300 _a282 P.,
999 _c278
_d278